000 00460cam a2200181ua 4500
041 _aeng
_h
082 _a153.42
_bBRU/ST
100 _aBruner, Jerome S .
245 _aStudy of thiking /
_cA George Austin.
_hTextual Documents
250 _a1 /
_b.
260 _aNew York :
_bJohn Wiley & Sons ,
_c1961.
300 _a329 ; .
504 _a
700 1 _aAustin, george A .
700 1 _aGoodnow, Jack quelcnij .
942 _cBK
999 _c3346
_d3346